Tendence rozvoje mikroelektroniky

Salvato in:
Dettagli Bibliografici
Autore principale: Daniel, Vladimír
Altri autori: Kuzněcová, Mája
Natura: Libro
Lingua:ceco
Pubblicazione: Praha Ústředí vědeckých, technických a ekonomických informací 1980
Tags: Aggiungi Tag
Nessun Tag, puoi essere il primo ad aggiungerne!!

MARC

LEADER 00000nam a2200000 4500
001 c139827
005 20251204111553.7
041 0 |a cze 
044 |a CZ 
245 1 0 |a Tendence rozvoje mikroelektroniky  |c Vladimír Daniel, Mája Kuzněcová 
264 1 |a Praha  |b Ústředí vědeckých, technických a ekonomických informací  |c 1980 
300 |a 57 s. 
100 1 |a Daniel, Vladimír 
700 1 |a Kuzněcová, Mája